[Event "Vecindario Montalvo Memorial 16th"]
[Site "Vecindario"]
[Date "2024.03.29"]
[Round "7"]
[White "Barlov, Dragan"]
[Black "Cruz Pino, Adrian"]
[Result "1-0"]
[WhiteElo "2387"]
[BlackElo "2015"]
[PlyCount "111"]
[EventDate "2024.03.23"]
[EventType "swiss"]
[EventRounds "9"]
[EventCountry "ESP"]
[SourceTitle "CB15_2024"]
[SourceDate "2024.04.10"]
[SourceVersion "1"]
[SourceVersionDate "2024.04.10"]
[SourceQuality "1"]

1. e4 e5 2. Nf3 Nc6 3. Bb5 Nge7 4. 0-0 Ng6 5. c3 d6 6. d4 Bd7 7. Re1 Be7 8. Nbd2 0-0 9. Nf1 a6 10. Be2 Nf4 11. Ne3 Nxe2+ 12. Rxe2 Qc8 13. b3 Re8 14. Bb2 f6 15. Rd2 Bf8 16. Qc2 g6 17. c4 Bg7 18. a3 Bg4 19. Nxg4 Qxg4 20. h3 Qc8 21. dxe5 dxe5 22. b4 Qe6 23. Rad1 Bf8 24. Rd5 Nd8 25. c5 Nf7 26. Nd2 c6 27. Rd3 Red8 28. Nc4 Rxd3 29. Rxd3 Rd8 30. Na5 Rxd3 31. Qxd3 Qc8 32. f4 Be7 33. fxe5 fxe5 34. Kh2 Bd8 35. Nc4 Bc7 36. Nd2 Qe6 37. Nf3 Kf8 38. a4 Ke8 39. Qc2 Qa2 40. Nd2 Qe6 41. Bc1 Ke7 42. Nf3 Ke8 43. Be3 Bd8 44. Kg1 Bc7 45. Nd2 Ke7 46. Nc4 Ke8 47. Na3 Bd8 48. b5 axb5 49. axb5 Be7 50. Kh2 b6 51. cxb6 Bxa3 52. bxc6 Bd6 53. c7 Qc8 54. Qc6+ Ke7 55. Bc5 h5 56. b7 1-0

[Event "Vecindario Montalvo Memorial 16th"]
[Site "Vecindario"]
[Date "2024.03.26"]
[Round "4"]
[White "Cruz Pino, Adrian"]
[Black "Rivero Reyes, Alejandro"]
[Result "1-0"]
[WhiteElo "2015"]
[BlackElo "1799"]
[PlyCount "151"]
[EventDate "2024.03.23"]
[EventType "swiss"]
[EventRounds "9"]
[EventCountry "ESP"]
[SourceTitle "CB15_2024"]
[SourceDate "2024.04.10"]
[SourceVersion "1"]
[SourceVersionDate "2024.04.10"]
[SourceQuality "1"]

1. c4 Nf6 2. Nf3 b6 3. e3 Bb7 4. b3 g6 5. Bb2 Bg7 6. Be2 d6 7. d4 Nbd7 8. 0-0 0-0 9. Nc3 e6 10. Qc2 c5 11. Rfd1 a6 12. dxc5 Nxc5 13. Rac1 Qc7 14. Qb1 Rfd8 15. Qa1 Qe7 16. Nd2 d5 17. b4 Nce4 18. Ncxe4 dxe4 19. a3 Rd7 20. Nb3 Rad8 21. Rxd7 Rxd7 22. Be5 Ne8 23. Bxg7 Nxg7 24. Qc3 Nf5 25. c5 Rc7 26. Qe5 f6 27. Qb2 b5 28. Qc2 Bd5 29. Nd2 e5 30. Nxe4 Qe6 31. Ng3 Ne7 32. Qb2 e4 33. Rd1 Nc6 34. h3 Rd7 35. Ra1 Ne5 36. Rd1 Bc6 37. Rd4 f5 38. Rxd7 Bxd7 39. Qd4 Kf7 40. Nf1 Ke7 41. Nd2 Bc6 42. Bd1 Qd5 43. Bb3 Qxd4 44. exd4 Nd3 45. d5 Ba8 46. d6+ Kf6 47. Bc2 Ne5 48. Kf1 Nc6 49. Nb3 Bb7 50. Ke2 Ke5 51. g3 Bc8 52. h4 h6 53. f3 exf3+ 54. Kxf3 Be6 55. Ke3 g5 56. hxg5 hxg5 57. Bd1 f4+ 58. gxf4+ gxf4+ 59. Kf2 Bd7 60. Bf3 Nd8 61. Na5 Be6 62. Nb7 Nxb7 63. Bxb7 Bd7 64. c6 Bxc6 65. Bxc6 Kxd6 66. Bb7 a5 67. bxa5 Kc5 68. Kf3 Kd6 69. Kxf4 Kc7 70. Ba6 Kb8 71. Bxb5 Ka7 72. Ke5 Kb7 73. Kd6 Ka7 74. Kc6 Ka8 75. Kb6 Kb8 76. a6 1-0

[Event "Las Palmas San Mateo CC op 1st"]
[Site "Las Palmas"]
[Date "2023.12.05"]
[Round "3"]
[White "Cruz Pino, Adrian"]
[Black "Julien Casteleiro, Ariel"]
[Result "1-0"]
[WhiteElo "2048"]
[BlackElo "1609"]
[PlyCount "29"]
[EventDate "2023.12.04"]
[EventType "swiss"]
[EventRounds "9"]
[EventCountry "ESP"]
[SourceTitle "CB50_2023"]
[SourceDate "2023.12.13"]
[SourceVersion "1"]
[SourceVersionDate "2023.12.13"]
[SourceQuality "1"]

1. e4 e5 2. Nc3 Nc6 3. f4 d6 4. Nf3 Bg4 5. Bb5 Nf6 6. 0-0 Be7 7. d3 0-0 8. Bxc6 bxc6 9. h3 Bd7 10. fxe5 dxe5 11. Nxe5 Be8 12. Be3 Bd6 13. Nc4 Bg3 14. Qf3 Bd6 15. e5 1-0

[Event "Gran Canaria Vecindario op 1st"]
[Site "Gran Canaria"]
[Date "2023.11.05"]
[Round "7"]
[White "Cruz Pino, Adrian"]
[Black "Marrero Cardenes, Agustin"]
[Result "1-0"]
[WhiteElo "1979"]
[BlackElo "2076"]
[PlyCount "115"]
[EventDate "2023.11.04"]
[EventType "swiss"]
[EventRounds "9"]
[EventCountry "ESP"]
[SourceTitle "CB46_2023"]
[SourceDate "2023.11.15"]
[SourceVersion "1"]
[SourceVersionDate "2023.11.15"]
[SourceQuality "1"]

1. d4 Nf6 2. Nf3 e6 3. c4 b6 4. Nc3 Bb7 5. a3 Be7 6. e3 0-0 7. Bd3 d5 8. 0-0 c5 9. cxd5 exd5 10. b3 Nc6 11. Bb2 Rc8 12. Re1 a6 13. Rc1 Na5 14. Bc2 Re8 15. Ne2 c4 16. b4 Nc6 17. Ng3 Bd6 18. Bb1 b5 19. Nf5 Bb8 20. Ng5 h6 21. Nh3 Ne7 22. Nxe7+ Qxe7 23. f3 Qd6 24. g3 Re7 25. Bc3 Rce8 26. Bd2 Bc8 27. Nf2 h5 28. e4 dxe4 29. Bf4 Qb6 30. Bxb8 Qxb8 31. fxe4 h4 32. e5 hxg3 33. hxg3 g6 34. Qf3 Nh5 35. Be4 Bb7 36. Bxb7 Qxb7 37. Qxb7 Rxb7 38. Ne4 Rd8 39. Nd6 Rbd7 40. Kg2 Rxd6 41. exd6 Rxd6 42. Rcd1 Nf6 43. Re7 Nd5 44. Re8+ Kg7 45. Rc1 Nb6 46. Rb8 Na4 47. Rb7 Kg8 48. Rf1 Rxd4 49. Rfxf7 c3 50. Rg7+ Kh8 51. Rge7 Rd8 52. Rec7 Kg8 53. Kh3 Kf8 54. Kg4 Re8 55. Kg5 Re6 56. Rh7 Kg8 57. Rhc7 Kf8 58. Kh6 1-0

[Event "Gran Canaria Vecindario op 1st"]
[Site "Gran Canaria"]
[Date "2023.11.04"]
[Round "1"]
[White "Perdomo Leon, Isaac Unai"]
[Black "Cruz Pino, Adrian"]
[Result "0-1"]
[WhiteElo "1171"]
[BlackElo "1979"]
[PlyCount "38"]
[EventDate "2023.11.04"]
[EventType "swiss"]
[EventRounds "9"]
[EventCountry "ESP"]
[SourceTitle "CB46_2023"]
[SourceDate "2023.11.15"]
[SourceVersion "1"]
[SourceVersionDate "2023.11.15"]
[SourceQuality "1"]

1. d4 Nf6 2. c4 g6 3. Nc3 Bg7 4. e3 d6 5. Nf3 0-0 6. Bd2 c6 7. Be2 Qc7 8. 0-0 e5 9. Qc2 Re8 10. Bd3 Nbd7 11. Ng5 Nf8 12. d5 h6 13. Nge4 Nxe4 14. Bxe4 f5 15. dxc6 fxe4 16. cxb7 Bxb7 17. Nxe4 d5 18. Nc3 Qxc4 19. e4 d4 0-1

[Event "Vecindario Montalvo Memorial 14th"]
[Site "Vecindario"]
[Date "2022.09.08"]
[Round "6"]
[White "Sumets, Andrey"]
[Black "Cruz Pino, Adrian"]
[Result "1-0"]
[WhiteElo "2513"]
[BlackElo "2026"]
[PlyCount "78"]
[EventDate "2022.09.04"]
[EventType "swiss"]
[EventRounds "9"]
[EventCountry "ESP"]
[SourceTitle "CBM 210 Extra"]
[Source "ChessBase"]
[SourceDate "2022.11.30"]
[SourceVersion "1"]
[SourceVersionDate "2022.11.30"]
[SourceQuality "1"]

1. d4 d5 2. Nf3 c6 3. Bf4 Nf6 4. e3 Bf5 5. c4 e6 6. Qb3 Qb6 7. c5 Qxb3 8. axb3 Bxb1 9. Rxb1 Nh5 10. b4 Nxf4 11. exf4 Be7 12. b5 0-0 13. Ra1 Rc8 14. Kd2 Bf6 15. Ra4 cxb5 16. Bxb5 a6 17. b4 Bd8 18. Rha1 Kf8 19. R1a2 Ke7 20. g3 g6 21. Ke3 f6 22. g4 a5 23. bxa5 Nc6 24. a6 b6 25. cxb6 Bxb6 26. Bxc6 Rxc6 27. R2a3 Bc7 28. g5 f5 29. a7 Bd6 30. Ne5 Bxe5 31. fxe5 Rc7 32. Ra6 Rb7 33. Kd2 Rc7 34. Ke2 Rb7 35. Kf1 Rc7 36. Rh3 Kf8 37. Rxe6 Raxa7 38. Rd6 Rc1+ 39. Kg2 Kf7 1-0

[Event "Las Palmas de Gran Canaria op 1st"]
[Site "Las Palmas de Gran Canaria"]
[Date "2019.12.23"]
[Round "5"]
[White "Cruz Pino, Adrian"]
[Black "Segura Marsa, Andres"]
[Result "1-0"]
[WhiteElo "2099"]
[BlackElo "1694"]
[PlyCount "49"]
[EventDate "2019.10.12"]
[EventType "swiss"]
[EventRounds "6"]
[EventCountry "ESP"]
[SourceTitle "EXT 2024"]
[Source "ChessBase"]
[SourceDate "2023.10.10"]
[SourceVersion "1"]
[SourceVersionDate "2023.10.10"]
[SourceQuality "1"]

1. c4 Nf6 2. Nf3 g6 3. b3 Bg7 4. Bb2 0-0 5. g3 c6 6. Bg2 d6 7. d4 Nbd7 8. 0-0 Rb8 9. Nbd2 b5 10. Re1 a5 11. Rb1 c5 12. e4 bxc4 13. e5 Ne8 14. Nxc4 d5 15. Ne3 Nc7 16. dxc5 Nxc5 17. Nd4 Bb7 18. Rc1 Nd7 19. f4 e6 20. Ba3 Re8 21. Bd6 Rc8 22. Qd2 a4 23. Qb4 Ba8 24. Qxa4 Bb7 25. Qa7 1-0

[Event "Gran Canaria Santana Memorial 7th"]
[Site "Gran Canaria"]
[Date "2019.11.21"]
[Round "6"]
[White "Camino Carrio, Nicanor"]
[Black "Cruz Pino, Adrian"]
[Result "1-0"]
[WhiteElo "2004"]
[BlackElo "2121"]
[PlyCount "129"]
[EventDate "2019.11.05"]
[EventType "swiss"]
[EventRounds "7"]
[EventCountry "ESP"]
[SourceTitle "CBM 193 Extra"]
[Source "ChessBase"]
[SourceDate "2020.01.31"]
[SourceVersion "1"]
[SourceVersionDate "2020.01.31"]
[SourceQuality "1"]

1. e4 c5 2. Nf3 Nc6 3. Bb5 g6 4. Bxc6 dxc6 5. d3 Bg7 6. h3 Qc7 7. Nc3 b6 8. 0-0 e5 9. Nh2 Ne7 10. f4 0-0 11. Ng4 Bxg4 12. Qxg4 exf4 13. Bxf4 Qc8 14. Qh4 Qe6 15. Rae1 Bxc3 16. bxc3 f6 17. Bd2 g5 18. Qh6 Ng6 19. e5 fxe5 20. Qxg5 Rae8 21. c4 Kh8 22. Bc3 Rxf1+ 23. Rxf1 Kg7 24. Re1 Qe7 25. Bxe5+ Kg8 26. Qg3 Qd7 27. Bc3 Rxe1+ 28. Qxe1 b5 29. Qe4 bxc4 30. Qxc4+ Qd5 31. Qg4 Kf7 32. a4 h5 33. Qg3 a6 34. Qf2+ Ke8 35. Qf6 Ne7 36. Qh8+ Kd7 37. Qh7 Qg5 38. Qg7 Qc1+ 39. Kh2 Qf4+ 40. Qg3 Qxa4 41. Bf6 Qxc2 42. Qe5 Nd5 43. Qf5+ Kc7 44. Qh7+ Kd6 45. Bh4 c4 46. Bg3+ Ke6 47. Qg8+ Ke7 48. Qh7+ Ke6 49. Qg8+ Ke7 50. Qg7+ Ke6 51. Qe5+ Kf7 52. Qxh5+ Kf6 53. Qh6+ Kf7 54. Qh5+ Kf8 55. Qf5+ Ke7 56. Qh7+ Kf8 57. Qh6+ Kf7 58. Qh5+ Kf6 59. Qh4+ Ke6 60. Qg4+ Ke7 61. dxc4 Ne3 62. Qg7+ Ke6 63. Qe5+ Kf7 64. Qc7+ Kg8 65. Qc8+ 1-0

[Event "Gran Canaria Santana Memorial 7th"]
[Site "Gran Canaria"]
[Date "2019.11.12"]
[Round "3"]
[White "Cruz Pino, Adrian"]
[Black "Grube, Kurt Heinz"]
[Result "1-0"]
[WhiteElo "2121"]
[BlackElo "1633"]
[PlyCount "43"]
[EventDate "2019.11.05"]
[EventType "swiss"]
[EventRounds "7"]
[EventCountry "ESP"]
[SourceTitle "CBM 193 Extra"]
[Source "ChessBase"]
[SourceDate "2020.01.31"]
[SourceVersion "1"]
[SourceVersionDate "2020.01.31"]
[SourceQuality "1"]

1. d4 Nf6 2. c4 d5 3. Nf3 c6 4. Qb3 e6 5. Nc3 Be7 6. Bf4 dxc4 7. Qxc4 0-0 8. e4 Nbd7 9. Be2 Nb6 10. Qb3 Ne8 11. 0-0 Bf6 12. Rfd1 g6 13. a4 Qe7 14. a5 Nd7 15. Bh6 Bg7 16. Bxg7 Kxg7 17. e5 Nc7 18. Ne4 a6 19. Nd6 Nb5 20. Bxb5 cxb5 21. Qb4 Nb8 22. Nf5+ 1-0

[Event "Canarias-chT"]
[Site "Vecindario"]
[Date "2019.06.14"]
[Round "3.3"]
[White "Alvarez Alonso, Alberto"]
[Black "Cruz Pino, Adrian"]
[Result "1/2-1/2"]
[WhiteElo "1967"]
[BlackElo "2097"]
[PlyCount "77"]
[EventDate "2019.06.13"]
[EventType "team-swiss"]
[EventRounds "6"]
[EventCountry "ESP"]
[SourceTitle "EXT 2020"]
[Source "ChessBase"]
[SourceDate "2019.10.17"]
[SourceVersion "1"]
[SourceVersionDate "2019.10.17"]
[SourceQuality "1"]
[WhiteTeam "CajaCanarias"]
[BlackTeam "Hotel Avda de Canarias"]
[WhiteTeamCountry "ESP"]
[BlackTeamCountry "ESP"]

1. e4 c5 2. Nf3 d6 3. d4 cxd4 4. Nxd4 Nf6 5. Nc3 a6 6. Be3 Ng4 7. Bc1 Nf6 8. Be3 e5 9. Nb3 Be6 10. f3 h5 11. Be2 Nbd7 12. 0-0 Nb6 13. f4 Nc4 14. Bxc4 Bxc4 15. Rf3 Be7 16. Nd2 Be6 17. f5 Bd7 18. Nc4 Bc6 19. Bb6 Qd7 20. Qe1 Bb5 21. Ne3 Rc8 22. Ned5 Nxd5 23. exd5 Bd8 24. Qf2 Bxb6 25. Qxb6 Qc7 26. Qf2 Qc5 27. f6 Qxf2+ 28. Rxf2 gxf6 29. a4 Bc4 30. Ne4 Ke7 31. Rd1 a5 32. b3 Ba6 33. c4 Rh6 34. Rdf1 Rg8 35. Rxf6 Rxf6 36. Nxf6 Rh8 37. Rf5 h4 38. Ne4 b6 39. Ng5 1/2-1/2